| 000 | 00790nam a22002657a 4500 | ||
|---|---|---|---|
| 005 | 20170124105910.0 | ||
| 010 | _aB-087748 | ||
| 020 |
_a8188039004 _c290.00 |
||
| 035 | _aB-087748 | ||
| 037 | _bCen Lib/Ret | ||
| 040 |
_aDPL _bEN |
||
| 082 | _a617.3 | ||
| 100 |
_aMaheshwari, J. _9117311 |
||
| 245 |
_aEssential orthopaedics / _cby J. Maheshwari |
||
| 250 | _a3rd ed | ||
| 260 |
_aNew Delhi _bMehta publishers _c2002 |
||
| 270 |
_aA-16 (east), Naraina _bNew Delhi |
||
| 300 |
_a330p. : _c27cm(pbk) _bill. |
||
| 500 | _aInclude index | ||
| 650 |
_aOrthopaedics _933203 |
||
| 650 |
_aBones _vAnatomy _9117312 |
||
| 650 |
_a आर्थोपेडिक्स _9560 |
||
| 650 |
_aहड्डी _vएनाटॉमी _9117313 |
||
| 942 |
_2ddc _cEN _h617.3 _mMAH |
||
| 999 |
_c122436 _d122436 |
||